000 00654cam a2200205 i 4500
005 20251117114204.0
008 250721s1999 jo gr 000 0 ara d
082 1 4 _a210.415042
_bر ح ي
100 1 _aأبو رحيم، محمد
_eمؤلف.
245 1 0 _aكيف تطرد الخوف من المرض والموت /
_cد. محمد أبو رحيم.
250 _aالطبعة الأولى.
264 3 1 _aعمان :
_bدار الجوهري،
_c1999.
300 _a79 صفحة.
650 1 7 _aالإسلام.
650 1 7 _aالعواطف.
650 1 7 _aالخوف.
650 1 7 _aعلم النفس.
942 _2ddc
_cBK
999 _c48316
_d48316